000 00974cab a2200241 4500
001 ##ABS50682
008 090401t1994 xxu||||| |||| 00| 0 eng d
035 _a(Sirsi) u664
041 0 _aeng
245 0 0 _aLandlord and tenant
_brent frees on review
260 _c1994
350 _a0
490 0 _aHerbert Smith Briefing
_vApril 1994, 1-2(2)
520 _aReviews three cases which have interpreted the effect of rent-free periods on rent reviews, and not always to the landlord`s advantage.
650 2 4 _aBASINGSTOKE AND DEANE BC V HOST GROUP LTD
650 2 4 _aBROADGATE SQUARE PLC V LEHMAN BROTHERS LTD
650 2 4 _aCITY OFFICES PLC V BRYANSTON INSURANCE CO LTD
650 2 4 _aSCOTTISH AMICABLE LIFE ASSURANCE SOCIETY V MIDDLETON
651 4 _aEngland and Wales
_y1543-
690 _aPROPERTY-COMMERCIAL PROPERTY-LEASEHOLD COMMERCIAL PROPERTY-COMMERCIAL LANDLORD AND TENANT-COMMERCIAL LEASES-RENT REVIEW (COMMERCIAL LEASES)
942 _n0
948 _c04/03/1997
999 _c336
_d336